000 00446nam a22001457a 4500
999 _c61472
_d61472
005 20240318153848.0
008 240318b xxu||||| |||| 00| 0 geo d
041 _arus
080 _a7(564.3)(091) C-59
245 _aСокровища Кипра.
264 _aМ. :
_bСоветский художник,
_c1970.
300 _a136 c. :
_bил.;
_c22 см.
653 _aკვიპროსის საგანძური
942 _2udc
_cBK